LDR 00807naa#a2200169#i#450# 001 EN\\bibl\19927 005 20260701042537.3 100 ## _a20260630b2026####ek#y0engy0150####ca 102 ## _aRU 200 1# _aZERO TRUST ARCHITECTURE: TRANSFORMATION OF THE INFORMATION SECURITY PARADIGM AND ITS ADAPTATION TO THE RUSSIAN REGULATORY-TECHNICAL ENVIRONMENT _eConference article/thesis 210 1# _aVoronezh _cFSBE Institution of Higher Education Voronezh State University of Forestry and Technologies named after G.F. Morozov _d2026 215 ## _a6 с. 608 ## _aConference article/thesis _2local 675 ## _aБезопасность, защищённость данных. 004.056 _aПрименения компьютерных сетей. 004.77 _z 700 #1 _aVolkova _gS. N. 700 #1 _aOrlova _gD. E. 856 4# _abibl.vgltu.ru _u